| 000 | 00860nam0a22002651 4500 | ||
|---|---|---|---|
| 001 | rc\3052241 | ||
| 005 | 20250806202350.0 | ||
| 035 | _a(NLR Aleph) 007191616 | ||
| 090 |
_a46631 _c46631 |
||
| 100 | _a20111010d1944 u y0rusy50 ca | ||
| 101 | 0 | _arus | |
| 102 | _aRU | ||
| 105 | _aa z ||||| | ||
| 200 | 1 |
_aНевоспламеняемые материалы в авиапромышленности _fП.З. Нейман |
|
| 210 |
_aМосква _cОборонгиз _d1944 |
||
| 215 |
_a136 с. _cил., черт. _d22 см |
||
| 320 | _aБиблиогр.: с. 130-134 | ||
| 700 | 1 |
_aНейман _bП.З. _gПерец Зеликович |
|
| 801 | 0 |
_aRU _bNLR _gpsbo |
|
| 801 | 1 |
_aRU _bELAR _2rusmarc |
|
| 852 |
_aNLR _jТ92 Г-5/38 |
||
| 942 | _cBOOK | ||
| 945 | _aРоссийская национальная библиотека | ||
| 980 | _aNB | ||
| 980 | _aBV | ||